000 01295nab a22002417a 4500
999 _c6063
_d6063
003 OSt
005 20260121001831.0
008 190514b xxu||||| |||| 00| 0 spa d
040 _cPJ
100 _94332
_aPellegrini, María Victoria
245 1 3 _aLa finalidad de la compensación económica como guía de las operaciones de cuantificación y modalidad de pago /
_cMaría Victoria Pellegrini.
300 _ap. 28-39
500 _aCita: TR LALEY AR/DOC/981/2024.
505 _aSumario: I. Introducción.— II. Síntesis de la sentencia.— III. La compensación económica y el régimen patrimonial del matrimonio.— IV. La cuantificación de la compensación económica.— V. El pago de la compensación económica.— VI. Palabras de cierre.
505 _tFallo comentado: CNCiv., sala B ~ 26/10/2023 ~ M., M. C. c. D., O. D. s/ fijación de compensación económica - Arts. 441 y 442 CCCN
650 0 _9967
_aDERECHO DE FAMILIA
650 0 _95830
_aCOMPENSACIÓN ECONÓMICA
650 0 _9977
_aDIVORCIO
650 0 _91053
_aUNIONES CONVIVENCIALES
650 0 _91057
_aJURISPRUDENCIA APLICABLE
773 0 _02844
_93222
_dBuenos Aires : AbeledoPerrot, 1989-
_tDerecho de familia. Revista Interdisciplinaria de doctrina y jurisprudencia. Junio 2024-III.
_z18511201
942 _2udc
_cANA